000 00681nam a2200229Ia 4500
003 OSt
005 20221005031416.0
006 a|||||r|||| 00| 0
007 ta
008 221004b |||||||| |||| 00| 0 hin d
024 _a56427
037 _cTextual
040 _aCRL
_cCRL
_bhin
041 _2hin
_ahin
082 _aY:5N91.4482.3CH, 152N1-28-5-A
245 0 _aBharat ki janganana, 1991. Shrinkhla 28- Chandigarh Part V
_b Pravaas saarniyaan
260 _aChandigarh
_bJanganana Karya Nideshalaya
_c1991
300 _a623p.
_ccm.
650 _aSOCIOLOGY
942 _hY:5N91.4482.3CH, 152N1-28-5-A
_cTEXL
_2cc
999 _c937667
_d937667